| 000 | 00782nam a2200241 i 4500 | ||
|---|---|---|---|
| 001 | 98347 | ||
| 003 | ES-MaACL | ||
| 005 | 20251009144608.0 | ||
| 007 | t| | ||
| 008 | 050728s1981 sp ||||1| spa d | ||
| 080 | _a821.134.1-14"19" | ||
| 100 | 1 |
_aMartí i Pol, Miquel. _977220 |
|
| 245 | 1 | 0 |
_aAmada Marta / _cMiquel Martí i Pol ; prólogo del autor ; versión ...[del catalán] de Joan Margarit. |
| 250 | _a[1ª ed.]. | ||
| 260 |
_aBarcelona : _bEdiciones del Mall, _c1981. |
||
| 300 |
_a109 p., 3 h. ; _c23 cm. |
||
| 490 | 1 |
_aLlibres del Mall. Ibérica ; _v7 |
|
| 546 | _aTexto en catalán y castellano. | ||
| 700 | 1 |
_aMargarit, Joan, _d1938- _976618 |
|
| 830 | 0 |
_aLlibres del Mall. Ibérica ; _v7 _9230965 |
|
| 852 |
_aES-MaACL _jL-3374 |
||
| 999 |
_c98347 _d98347 |
||